000 00590nam a2200193 i 4500
001 140779
003 ES-MaACL
005 20250702063102.0
007 t|
008 070917s1961 sp ||||1| spa d
100 1 _aWilde, Oscar,
_d1854-1900
_9241147
245 1 3 _aEl crimen de Lord Arturo Savile /
_cOscar Wilde ; traducción del inglés de B. Montuenga].
260 _aMadrid :
_bAlhambra,
_c[1961]
300 _a77 p. ;
_c18 cm.
500 _aTexto bilingüe.
700 1 _aMontuenga, Benito.
_9174105
852 _aES-MaACL
_jC-20228
_bR.48540
999 _c140779
_d140779